SDGs monitor (Record no. 38635)

MARC details
000 -LEADER
fixed length control field 00532nam a2200169Ia 4500
022 ## - INTERNATIONAL STANDARD SERIAL NUMBER
ISSN 27052478
050 ## - CALL MARK
Classification number HC 59.7.S87/
245 #0 - TITLE STATEMENT
Title SDGs monitor
260 ## - PUBLICATION, DISTRIBUTION, ETC. (IMPRINT)
Place of publication Abuja, Nigeria
260 ## - PUBLICATION, DISTRIBUTION, ETC. (IMPRINT)
Name of publisher Western Academy of Management
260 ## - PUBLICATION, DISTRIBUTION, ETC. (IMPRINT)
Year of publication 2017
300 ## - PHYSICAL DESCRIPTION
Number of Pages 51 p. :ill. ; 28 cm.
650 ## - SUBJECT ADDED ENTRY--TOPICAL TERM
Topical Term Economic development--Developing countries. Developing countries--Economic conditions--21st century. Developing countries--Economic policy.
942 ## - ADDED ENTRY ELEMENTS (KOHA)
Koha item type Serials

No items available.